00492nam a2200133 4500008004100000022001300041245010800054246002300162260004400185300001100229942000700240952009600247999001500343240220b |||||||| |||| 00| 0 eng d a17296242 aSouth Asian journal 12 : bQuarterly Magazine of South Asian Journalists & scholars : April - June 2006 aWTO and South Asia aLahore :bFree Media foundation, c2006 b146 p. cCR 00102ddc4070aMAINbMAINd2024-02-20l0o954.93 SOUpRAF5064r2024-02-20w2024-02-20yCR c4781d4781